Bilecik Bilecik Bilecik Bilecik Bilecik

Schrödinger'in yavru kedileri / (Record no. 43099)

MARC details
000 -BAŞLIK
Sabit Uzunluktaki Kontrol Alanı 01370nam a22004097a 4500
001 - KONTROL NUMARASI
Control Dosyası 0043278
003 - KONTROL NUMARASI KİMLİĞİ
Kontrol Alanı KOHA_MİRAKIL
005 - EN SON İŞLEM TARİHİ ve ZAMANI
Kontrol Alanı 20260207003342.0
007 - FİZİKSEL TANIM SABİT ALAN - GENEL BİLGİ
Sabit uzunluklu kontrol alanı ta
008 - SABİT UZUNLUKTAKİ VERİ ÖGELERİ - GENEL BİLGİ
Sabit Alan 130730b2011 tu a|||gr||||#||||0|tur |
020 ## - ISBN - ULUSLARARASI STANDART KİTAP NUMARASI
Isbn 9789753426640
040 ## - KATALOGLAMA KAYNAĞI
Özgün Kataloglama Kurumu TR-BiSEU
Kataloglama Dili tur
Çeviri Kurumu TR-BiSEU
Açıklama Kuralları rda
041 0# - DİL KODU
Metin ya da ses kaydının dil kodu tur
044 ## - YAYINLAYAN/ÜRETEN KURULUŞUN ÜLKE KODU
ISO country code tu
050 ## - SINIFLAMA ve YER NUMARASI
Sınıflama Numarası QC174.12
Yer Numarası .G74 2011
100 1# - KİŞİ ADI
Yazar Adı (Kişi adı) Gribbin, John R..
240 10 - TEK BİÇİM BAŞLIK
Tekbiçim Başlık <a href="Schrödinger's kittens and the search for reality : solving the quantum mysteries.">Schrödinger's kittens and the search for reality : solving the quantum mysteries.</a>
Language of a work Türkçe
245 1# - ESER ADI BİLDİRİMİ
Başlık Schrödinger'in yavru kedileri /
Sorumluluk Bildirimi John R. Gribbin ; John Gribbin ; çeviren Nedim Çatlı.
246 ## - DEĞİŞİK BAŞLIK FORMU
Başlık uygun / kısa başlık gerçekliğin peşinde
250 ## - BASIM BİLDİRİMİ
Basım Bildirimi 2. basım
264 #1 - ÜRERİM, YAYIN, DAĞITIM ve TELİF BİLDİRİMİ
Yayın yeri İstanbul :
Yayınlayan Metis Yayınları
Yayın tarihi 2011
300 ## - FİZİKSEL TANIMLAMA
Sayfa, Cilt vb. 290 sayfa :
Diğer fiziki detaylar resimli ;
Boyutları 20 cm.
336 ## - İÇERİK TÜRÜ
Content type term metin
Content type code txt
Source rdacontent
337 ## - MEDYA TÜRÜ
Media type term aracısız
Media type code n
Source rdamedia
338 ## - TAŞIYICI TÜRÜ
Carrier type term cilt
Carrier type code nc
Source rdacarrier
490 1# - DİZİ BİLDİRİMİ
Dizi Bildirimi Metis Yayınlar.
490 1# - DİZİ BİLDİRİMİ
Dizi Bildirimi Metis bilim ;
Cilt Numarası 6
500 ## - GENEL NOT
Genel Not Özgün adı: Schrödinger's kittens and the search for reality : solving the quantum mysteries.
500 ## - GENEL NOT
Genel Not Kaynakça ve dizin var.
650 #0 - KONU BAŞLIĞI EK GİRİŞ - KONU TERİMİ
Konusal terim veya coğrafi ad Schrödinger, Erwin, 1887-1961.
9 (RLIN) 80646
650 #0 - KONU BAŞLIĞI EK GİRİŞ - KONU TERİMİ
Konusal terim veya coğrafi ad Quantum theory.
9 (RLIN) 36230
650 #0 - KONU BAŞLIĞI EK GİRİŞ - KONU TERİMİ
Konusal terim veya coğrafi ad Light.
9 (RLIN) 80647
650 #0 - KONU BAŞLIĞI EK GİRİŞ - KONU TERİMİ
Konusal terim veya coğrafi ad Reality.
9 (RLIN) 51674
830 1# - SERİ EK GİRİŞİ - TEKBİÇİM ESER ADI
Tekbiçim Başlık Metis Yayınlar.
9 (RLIN) 77167
830 1# - SERİ EK GİRİŞİ - TEKBİÇİM ESER ADI
Tekbiçim Başlık Metis bilim ;
Volume number/sequential designation 6
9 (RLIN) 77168
942 ## - EK GİRİŞ ÖGELERİ (KOHA)
Source of classification or shelving scheme Library of Congress Classification
Koha item type Book
Holdings
Materyal Türü Kalıcı Konum Mevcut Konum Raf Yeri Sınıflandırma Kaynağı Edinim Bilgisi Ana Konular Alt Konular Yer Numarası Demirbaş Numarası Fatura Tarihi Maliyet, Alış Fiyatı Maliyet, Yenileme Fiyatı Geri Çekilme Durumu Kayıp Durumu Hasarlı Durumu Kredi için değil Kayıt Tarih Toplam Ödünçverme Son Görülme Tarihi Son Kontrol Tarihi Satın Alma Notu
Book Prof. Dr. Azmi Özcan Kütüphanesi Prof. Dr. Azmi Özcan Kütüphanesi Birûni Salonu Library of Congress Classification Satın BİLİM Fizik QC174.12 .G74 2011 0043278 24/09/2013 12.86 12.86         30/07/2013 6 05/12/2024 05/12/2024 73291-73383 (92 sayfa)